<?xml version="1.0" encoding="UTF-8"?>
<record
    xmlns:xsi="http://www.w3.org/2001/XMLSchema-instance"
    xsi:schemaLocation="http://www.loc.gov/MARC21/slim http://www.loc.gov/standards/marcxml/schema/MARC21slim.xsd"
    xmlns="http://www.loc.gov/MARC21/slim">

  <leader>00367nam a22001697a 4500</leader>
  <controlfield tag="005">20230411142859.0</controlfield>
  <datafield tag="020" ind1=" " ind2=" ">
    <subfield code="a">9789388750875</subfield>
  </datafield>
  <datafield tag="041" ind1=" " ind2=" ">
    <subfield code="a">English</subfield>
  </datafield>
  <datafield tag="082" ind1=" " ind2=" ">
    <subfield code="a">001 Q19 ZAD</subfield>
  </datafield>
  <datafield tag="100" ind1=" " ind2=" ">
    <subfield code="a">Zad.N.S</subfield>
  </datafield>
  <datafield tag="245" ind1=" " ind2=" ">
    <subfield code="a">Question Bank with Model Test Papers</subfield>
  </datafield>
  <datafield tag="250" ind1=" " ind2=" ">
    <subfield code="a">5</subfield>
  </datafield>
  <datafield tag="260" ind1=" " ind2=" ">
    <subfield code="a">New Delhi</subfield>
    <subfield code="b">Taxmann</subfield>
    <subfield code="c">2019</subfield>
  </datafield>
  <datafield tag="300" ind1=" " ind2=" ">
    <subfield code="a">843</subfield>
  </datafield>
  <datafield tag="365" ind1=" " ind2=" ">
    <subfield code="b">1050.00</subfield>
  </datafield>
  <datafield tag="942" ind1=" " ind2=" ">
    <subfield code="c">BK</subfield>
  </datafield>
  <datafield tag="999" ind1=" " ind2=" ">
    <subfield code="c">170997</subfield>
    <subfield code="d">170997</subfield>
  </datafield>
  <datafield tag="952" ind1=" " ind2=" ">
    <subfield code="0">0</subfield>
    <subfield code="1">0</subfield>
    <subfield code="4">0</subfield>
    <subfield code="7">0</subfield>
    <subfield code="a">PSG</subfield>
    <subfield code="b">PSG</subfield>
    <subfield code="c">REF  RACK 35 SHELF 1</subfield>
    <subfield code="d">2023-04-11</subfield>
    <subfield code="g">1050.00</subfield>
    <subfield code="l">1</subfield>
    <subfield code="o">001 Q19 ZAD</subfield>
    <subfield code="p">144818</subfield>
    <subfield code="r">2025-12-08 14:46:58</subfield>
    <subfield code="s">2025-12-05</subfield>
    <subfield code="v">1050.00</subfield>
    <subfield code="w">2023-04-11</subfield>
    <subfield code="x">Competitive Exams</subfield>
    <subfield code="y">REF</subfield>
  </datafield>
</record>
